Statistics for English Football League Clubs A-Z

Click here to take the quiz!

General Stats

  • This quiz has been taken 270 times
    (56 since last reset)
  • The average score is 13 of 19

Answer Stats

HintAnswer% Correct
AGunnersArsenal
100%
MRed DevilsManchester United
98%
LRedsLiverpool
96%
QHoopsQueens Park Rangers
88%
TSpursTottenham Hotspur
88%
DRamsDerby County
78%
NTricky TreesNottingham Forest
78%
WHornetsWatford
76%
HTerriersHuddersfield Town
75%
ITractor BoysIpswich Town
73%
BTangerinesBlackpool
67%
OU'sOxford United
67%
CAddicksCharlton Athletic
65%
EGreciansExeter City
51%
PPoshPeterborough United
47%
RMillersRotherham United
45%
GMarinersGrimsby Town
43%
FFishermenFleetwood Town
39%
SThe BoroStevenage
25%

Score Distribution

Percentile by Number Answered

Percent of People with Each Score

Your Score History

You have not taken this quiz since the last reset